| 000 | 01441nam0a22003251 4500 | ||
|---|---|---|---|
| 001 | v19\rc\1751989 | ||
| 005 | 20230118120312.0 | ||
| 035 | _a(NLR Aleph) 004895111 | ||
| 090 |
_a5313078 _c5313078 |
||
| 100 | _a20061204e19021901|||y0rusy50 ca | ||
| 101 | 0 | _arus | |
| 102 | _aRU | ||
| 105 | _ay z ||||| | ||
| 200 | 1 |
_a[К] казуистике наложения щипцов при передних видах лицевого и лобного предлежаний _fПроф. В. Строганов |
|
| 210 |
_aСанкт-Петербург _cС.-Петерб. губ. тип. _d1902 |
||
| 215 |
_a[2], 11 с. _d24 |
||
| 300 | _aНа тит. л. и обл. ошибочно: "В казуистике... | ||
| 311 | _aОтт. из "Журн. акушерства и жен. болезней". Т. 15, дек. 1901 | ||
| 488 | 0 | _12001#$aЖурнал акушерства и женских болезней$v1901, дек., т. 15 | |
| 532 | 1 | 3 | _aК казуистике наложения щипцов при передних видах лицевого и лобного предлежаний |
| 700 | 1 |
_aСтроганов _bВ. В. _f1857-1938 _gВасилий Васильевич |
|
| 801 | 0 |
_aRU _bNLR _gpsbo |
|
| 801 | 0 |
_aRU _bRuMoRGB _2psbo |
|
| 801 | 1 |
_aRU _bProSoft-M _2rusmarc |
|
| 852 |
_aNLR _j34.83.6.651 |
||
| 899 |
_aRuMoRGB _jA 296/258 |
||
| 899 |
_aRuMoRGB _jA 188/598 |
||
| 942 | _cBOOK | ||
| 980 | _aNB | ||